000 00258nam a2200097Ia 4500
008 220204s9999 xx 000 0 und d
082 _a810
_bREA
245 0 _aReader's digest: Write better speak better
260 _aHongkong
_bReaders Digest
_c1975
942 _cBK
999 _c23295
_d23295